000 00403nam a22001577a 4500
020 _a9789349750456
100 _aSadun, Lorenzo
245 _aSix pillars of calculus
250 _a60
260 _aTelangana
_bUniverisities press
_c2023
300 _axix+364
490 _aPure and applied undergraduate texts
650 _aDifferential calculus
650 _aIntegral calculus
942 _2ddc
_cBK
999 _c749986
_d749986